| 000 | 00846cam a22002535a 4500 | ||
|---|---|---|---|
| 001 | 17449760 | ||
| 005 | 20160202134715.0 | ||
| 008 | 120831s2013 enka b f001 0 eng d | ||
| 020 | _a9781107006331 (hardback) | ||
| 040 |
_aDLC _cDLC _dDLC _dEG-ScBUE _beng |
||
| 082 | 0 | 4 |
_a621.367 _222 _bSAS |
| 100 | 1 |
_aSasian, Jose M. _939224 |
|
| 245 | 1 | 0 |
_aIntroduction to aberrations in optical imaging systems / _cJose Sasian. |
| 260 |
_aCambridge : _bCambridge University Press, _c2013. |
||
| 300 |
_axxi, 261 p. : _bill. ; _c25 cm. |
||
| 500 | _aIndex : p. 258-261. | ||
| 504 | _aIncludes bibliographical references. | ||
| 650 | 7 |
_aAberration. _2BUEsh _939225 |
|
| 650 | 7 |
_aImaging systems _xImage quality _2BUEsh _939226 |
|
| 650 | 7 |
_aOptical engineering. _2BUEsh _939227 |
|
| 651 | _2BUEsh | ||
| 653 |
_bCOMSCI _cJuly2015 _cJanuary2016 |
||
| 942 | _2ddc | ||
| 999 |
_c20341 _d20313 |
||